| 000 | 02178nam a2200613 i 4500 | ||
|---|---|---|---|
| 001 | 35668 | ||
| 003 | KOSZ 005 | ||
| 005 | 20240405063113.0 | ||
| 008 | 231016s1994 pl a g 000 0apol | ||
| 015 | _aUWD 1994/8641 | ||
| 020 | _a8390182904 | ||
| 035 | _a991000644699705066 | ||
| 035 | _a(PL-WaBN)b10213211-48omnis_nlop | ||
| 035 | _ab10213211 | ||
| 035 | _a(OCoLC)834020492 | ||
| 035 | _a(PL)b0000001021321 | ||
| 035 | _a(EXLNZ-48OMNIS_NETWORK)9910008247905606 | ||
| 040 |
_aWA N _cWA N _dKOSZ 005/RW |
||
| 045 |
_bd1893d _bd1940 |
||
| 046 | _k1994 | ||
| 080 | _a94(438).082 | ||
| 080 | _a94(438).082.51 | ||
| 080 | _a355(438) | ||
| 080 | _a929-052(438) | ||
| 100 | 1 |
_aFusiecki, Stanisław Szczęsny _d(1930- ) _eAutor |
|
| 245 | 1 | 0 |
_aGenerał Mieczysław Makary Smorawiński : _b25. 12. 1893 Kalisz - 1940 Katyń : w stulecie urodzin / _copracował Stanisław Szczęsny Fusiecki. |
| 260 |
_a[Warszawa : _bnakład autora], _ccopyright 1994 |
||
| 300 |
_aXII, 219 stron, [1] karta złożona : _bfaksy, fotografie (w tym kolorowe), mapa, portrety, errata ; _c21 cm. |
||
| 336 |
_aTekst _btxt _2rdacontent |
||
| 337 |
_aBez urządzenia pośredniczącego _bn _2rdamedia |
||
| 338 |
_aWolumin _bnc _2rdacarrier |
||
| 380 | _aKsiążki | ||
| 380 | _aLiteratura faktu, eseje, publicystyka | ||
| 388 | 1 | _a1901-2000 | |
| 388 | 1 | _a1989-2000 | |
| 504 | _aBibliografia na stronie 219. | ||
| 600 | 1 | 7 |
_aSmorawiński, Mieczysław Makary _d(1893-1940) _2DBN |
| 648 | 7 |
_a1801-1900 _2DBN |
|
| 648 | 7 |
_a1901-2000 _2DBN |
|
| 648 | 7 |
_a1939-1945 _2DBN |
|
| 650 | 7 |
_aII wojna światowa (1939-1945) _2DBN |
|
| 650 | 7 |
_aEgzekucja polskich oficerów w Katyniu (1940) _2DBN |
|
| 650 | 7 |
_aGenerałowie _2DBN |
|
| 650 | 7 |
_aWojsko _2DBN |
|
| 651 | 7 | _aPolska | |
| 651 | 7 | _aZSRR | |
| 655 | 7 |
_aAntologia _2DBN |
|
| 655 | 7 |
_aPamiętniki polskie _2DBN |
|
| 658 | _aBezpieczeństwo i wojskowość | ||
| 658 | _aHistoria | ||
| 856 |
_uhttp://koha.tu.koszalin.pl/cgi-bin/koha/opac-detail.pl?biblionumber=35668 _yKatalog online BPK |
||
| 942 |
_2UKD _cKS |
||
| 999 |
_c35668 _d35668 |
||